[Event "Mechanics' Leighton Allen TNM; G/2"]
[Site "San Francisco"]
[Date "2015.08.18"]
[Round "3.26"]
[White "Harris, Clarence"]
[Black "Dupree, Charles"]
[Result "1-0"]
[WhiteElo "1425"]
[BlackElo "1654"]
[PlyCount "105"]
[EventDate "2015.??.??"]

1. e4 c5 2. Nc3 a6 3. g3 b5 4. Bg2 Bb7 5. d3 e6 6. Be3 Nf6 7. f4 d5 8. Bf2 Be7
9. e5 Nfd7 10. Nf3 Qc7 11. O-O Nc6 12. Rc1 O-O-O 13. Qe2 Rdg8 14. a4 b4 15. Nb1
g5 16. fxg5 Bxg5 17. Nxg5 Rxg5 18. Be3 Rg7 19. c3 bxc3 20. bxc3 Qxe5 21. d4
cxd4 22. cxd4 Qd6 23. Nd2 f6 24. Nb3 e5 25. Bh3 Kb8 26. Bxd7 Qxd7 27. Nc5 Qh3
28. Qg2 Qxg2+ 29. Kxg2 Rg6 30. Rb1 Nd8 31. Nxa6+ Ka7 32. Nc5 Bc6 33. Kg1 Nb7
34. Nxb7 Bxb7 35. dxe5+ Ka8 36. exf6 Rf8 37. Bd4 Rg4 38. Rb4 Rf7 39. Rfb1 Rg5
40. a5 Rg8 41. Rb6 Rc8 42. a6 Bc6 43. Be5 Rff8 44. Rb8+ Rxb8 45. Rxb8+ Rxb8 46.
Bxb8 Be8 47. a7 Kb7 48. Kf2 d4 49. Ke2 Bf7 50. Kd3 Be6 51. Kxd4 h5 52. Ke5 Bf7
53. Kd6 1-0

[Event "Mechanics' Summer TNM; G/2"]
[Site "San Francisco"]
[Date "2015.05.26"]
[Round "1.14"]
[White "Harris, Clarence"]
[Black "Grey, Peter G"]
[Result "0-1"]
[WhiteElo "1531"]
[BlackElo "2000"]
[PlyCount "50"]
[EventDate "2015.??.??"]

1. e4 e5 2. Nf3 Nc6 3. Bb5 a6 4. Bxc6 dxc6 5. O-O Qd6 6. d4 exd4 7. Qxd4 Qxd4
8. Nxd4 Bd7 9. Nc3 O-O-O 10. Bf4 Ne7 11. Bg5 f6 12. Bh4 Ng6 13. Bg3 h5 14. h4
Ne5 15. Bxe5 fxe5 16. Nf3 Bd6 17. Ng5 Rdf8 18. Nd1 Be7 19. Nf3 Bd6 20. Ne3 Rf4
21. Nc4 Rxe4 22. Nxd6+ cxd6 23. g3 Re2 24. Ng5 Rf8 25. f3 Rxc2 0-1

[Event "Mechanics' Winter TNM; 30/90, SD/30"]
[Site "San Francisco"]
[Date "2015.02.24"]
[Round "8.27"]
[White "Harris, Clarence"]
[Black "Hack, Richard"]
[Result "0-1"]
[WhiteElo "1582"]
[BlackElo "1694"]
[PlyCount "60"]
[EventDate "2015.??.??"]

1. e4 e5 2. Nf3 Nc6 3. Bb5 a6 4. Bxc6 dxc6 5. O-O Bd6 6. d4 f6 7. dxe5 fxe5 8.
Nbd2 Nf6 9. Re1 Bg4 10. b3 Qe7 11. a3 O-O-O 12. Nf1 Bc5 13. Qe2 Rd4 14. Ng3 g6
15. Bb2 Bxf3 16. Qxf3 Rd2 17. Re2 Rxe2 18. Qxe2 Rf8 19. Rf1 Bxa3 20. Bc3 Bb4
21. Bb2 h5 22. c3 Bc5 23. b4 Bb6 24. Nxh5 gxh5 25. h3 c5 26. Ba3 cxb4 27. cxb4
Rd8 28. Bc1 Qg7 29. Be3 Rg8 30. g3 Nxe4 0-1

[Event "Mechanics' Spring TNM; G/2"]
[Site "San Francisco"]
[Date "2015.03.24"]
[Round "2.31"]
[White "Harris, Clarence"]
[Black "Hood, Bryan"]
[Result "1-0"]
[WhiteElo "1467"]
[BlackElo "1628"]
[Annotator "Donaldson"]
[PlyCount "21"]
[EventDate "2015.??.??"]

1. e4 e5 2. Nf3 Nc6 3. Bb5 a6 4. Bxc6 dxc6 5. O-O Be6 6. d4 (6. Nxe5 Qd4 7. Nf3
Qxe4) 6... exd4 7. Nxd4 Bc5 $2 8. Nxe6 fxe6 $2 (8... Qxd1 9. Nxg7+ Kf8 10. Rxd1
Kxg7 11. Nc3 $18) 9. Qh5+ g6 10. Qxc5 Qe7 11. Qc3 1-0

[Event "Mechanics' Leighton Allen TNM; G/2"]
[Site "San Francisco"]
[Date "2015.08.04"]
[Round "1.18"]
[White "Harris, Clarence"]
[Black "Krasnov, Steven"]
[Result "0-1"]
[WhiteElo "1425"]
[BlackElo "1965"]
[PlyCount "98"]
[EventDate "2015.??.??"]

1. e4 c5 2. Nc3 Nc6 3. g3 g6 4. Bg2 Bg7 5. d3 d6 6. Be3 e6 7. f4 Nge7 8. Nf3
Rb8 9. O-O b5 10. e5 Nf5 11. Bf2 dxe5 12. fxe5 Nfd4 13. Ne4 Nxf3+ 14. Bxf3 Bxe5
15. c3 c4 16. d4 Bg7 17. Be3 Bb7 18. Nc5 Ba8 19. Qd2 O-O 20. Rad1 Ne7 21. Bxa8
Rxa8 22. Bg5 Qc7 23. Bxe7 Qxe7 24. Ne4 Rad8 25. Rde1 h6 26. Qf2 Rd5 27. Nf6+
Qxf6 28. Qxf6 Bxf6 29. Rxf6 Kg7 30. Ref1 Rf5 31. R6xf5 gxf5 32. Rf4 Rd8 33. Kf2
Kg6 34. h4 f6 35. g4 Rd5 36. gxf5+ Rxf5 37. Rxf5 Kxf5 38. Kf3 h5 39. b3 e5 40.
d5 a6 41. b4 e4+ 42. Ke3 Ke5 43. d6 Kxd6 44. Kxe4 Ke6 45. Kf4 f5 46. Kf3 Ke5
47. Ke3 f4+ 48. Kf3 Kf5 49. Kf2 Kg4 0-1

[Event "Mechanics' Spring TNM; G/2"]
[Site "San Francisco"]
[Date "2015.04.14"]
[Round "5.24"]
[White "Harris, Clarence"]
[Black "McKellar, Daniel"]
[Result "0-1"]
[WhiteElo "1467"]
[BlackElo "1674"]
[Annotator "Winslow,Elliott"]
[PlyCount "57"]
[EventDate "2015.??.??"]

1. e4 e6 2. d3 d5 3. Nd2 Nf6 4. Ngf3 Nc6 5. e5 (5. g3) 5... Nd7 6. d4 Be7 7.
Be2 O-O 8. O-O f6 9. exf6 Nxf6 10. c3 Bd6 11. Bb5 Ne7 12. Ne5 c5 13. Re1 cxd4
14. cxd4 Qb6 15. Qa4 a6 16. Bd3 Nc6 17. Ndf3 Nd7 18. Nxc6 bxc6 19. Rxe6 c5 20.
Qc2 Bxh2+ 21. Kxh2 Qxe6 22. Bxh7+ Kh8 23. Ng5 Qd6+ 24. Kg1 Nf6 25. Bg6 Qe7 26.
Be3 Ng4 27. Qd1 Rxf2 28. Bxf2 Qxg5 29. Bh5 0-1

[Event "Mechanics' Summer TNM; G/2"]
[Site "San Francisco"]
[Date "2015.06.23"]
[Round "5.35"]
[White "Harris, Clarence"]
[Black "Otterbach, Renate"]
[Result "1-0"]
[WhiteElo "1531"]
[BlackElo "1148"]
[PlyCount "37"]
[EventDate "2015.??.??"]

1. e4 e6 2. d3 d5 3. Nd2 c5 4. Ngf3 Ne7 5. g3 Ng6 6. Bg2 Nc6 7. O-O d4 8. h4 e5
9. h5 Nge7 10. Nh4 Be6 11. Ndf3 Bg4 12. Bd2 Bxh5 13. Qc1 h6 14. Nh2 Ng6 15.
Nxg6 Bxg6 16. f4 Be7 17. f5 Bh5 18. g4 Bxg4 19. Nxg4 {and White went on to win.
} 1-0

[Event "Mechanics' Winter TNM; 30/90, SD/30"]
[Site "San Francisco"]
[Date "2015.01.27"]
[Round "4.20"]
[White "Harris, Clarence"]
[Black "Smith, Mahlon A"]
[Result "0-1"]
[WhiteElo "1582"]
[BlackElo "2121"]
[PlyCount "52"]
[EventDate "2015.??.??"]

1. e4 c5 2. Nc3 d6 3. g3 Nc6 4. Bg2 Nf6 5. d3 g6 6. f4 Bg7 7. Nf3 Bg4 8. h3
Bxf3 9. Bxf3 Qd7 10. Be3 O-O-O 11. Bg2 Kb8 12. O-O e6 13. Qd2 h5 14. a3 Qe7 15.
Rab1 d5 16. exd5 Nxd5 17. Nxd5 exd5 18. Rfe1 Qd6 19. c3 Rhe8 20. b4 d4 21. bxc5
dxe3 22. cxd6 exd2 23. Red1 Rxd6 24. Rxd2 Bxc3 25. Rdd1 Kc7 26. Rbc1 Bb2 0-1

[Event "Mechanics' Leighton Allen TNM; G/2"]
[Site "San Francisco"]
[Date "2015.09.22"]
[Round "8.25"]
[White "Harris, Clarence"]
[Black "Yamamoto, Shu"]
[Result "0-1"]
[WhiteElo "1425"]
[BlackElo "1571"]
[Annotator "Donaldson"]
[PlyCount "66"]
[EventDate "2015.??.??"]

1. e4 c6 2. d3 d5 3. Nd2 e5 4. Ngf3 Bd6 5. g3 Nf6 6. Bg2 O-O 7. O-O Qc7 8. Re1
Nbd7 9. b3 Re8 10. a4 a5 11. Bb2 dxe4 12. dxe4 Nc5 13. Qe2 b6 14. Rad1 Ba6 15.
c4 Rad8 16. Nh4 Bc8 17. h3 Bf8 18. Nf5 Bxf5 19. exf5 Nd3 20. Ne4 Nxe1 21. Nxf6+
gxf6 22. Rxe1 Bb4 23. Qg4+ Kh8 24. Re4 Rg8 25. Qh4 Be7 26. Qh6 Qd7 27. Rh4 Rg7
28. Be4 Qd1+ 29. Kg2 Qd2 30. Bxe5 (30. Qxd2 Rxd2 31. Bc1 Rd1 32. Bh6 Rg8 33.
Bxc6 {
offers White drawing chances. The move played is very tricky but has a flaw.})
30... fxe5 31. f6 {
Diagram [#] Now 31...Qxh6 32. Rxh6 Bxf6 33.Rxf6 and White is no worse, but ....
} Rxg3+ $3 32. Kxg3 Rg8+ 33. Kf3 (33. Bg6 Rxg6+ 34. Qxg6 fxg6 35. fxe7 Qg5+)
33... Qd1+ 0-1

[Event "Mechanics' Winter TNM; 30/90, SD/30"]
[Site "San Francisco"]
[Date "2015.02.03"]
[Round "5.41"]
[White "Henriques, Keith"]
[Black "Furukawa, Jon"]
[Result "0-1"]
[WhiteElo "145"]
[BlackElo "1627"]
[PlyCount "44"]
[EventDate "2015.??.??"]

1. d4 d5 2. e3 Nf6 3. Nf3 e6 4. Bd3 c5 5. O-O Nc6 6. c3 Be7 7. Nbd2 O-O 8. h3
Re8 9. Nb3 $2 c4 10. Bxc4 dxc4 11. Nbd2 Qd5 12. Re1 Ne4 13. a3 b5 14. Qc2 Nxd2
15. Bxd2 e5 16. e4 Qd6 17. b4 Qg6 18. g3 Bxh3 19. Nxe5 Nxe5 20. dxe5 Qh5 21.
Be3 Qf3 22. Qe2 Qg2# 0-1

[Event "Mechanics' Winter TNM; 30/90, SD/30"]
[Site "San Francisco"]
[Date "2015.01.06"]
[Round "1.40"]
[White "Henriques, Keith"]
[Black "Paquette, James"]
[Result "0-1"]
[WhiteElo "145"]
[BlackElo "1438"]
[Annotator "Donaldson"]
[PlyCount "32"]
[EventDate "2015.??.??"]

1. e4 g6 2. Nf3 Bg7 3. d4 c5 4. Nc3 Qa5 5. Bd2 $2 (5. dxc5 $1) 5... cxd4 6. Ne2
Qb6 7. c3 dxc3 8. Qc2 $1 cxd2+ 9. Qxd2 Nc6 10. Qe3 Qxe3 11. fxe3 Nf6 12. Nc3
Ng4 13. Nd1 O-O 14. h3 Nf6 15. Bd3 Nb4 16. O-O $2 (16. Bb1) 16... Nxd3 {
and ...0-1 shortly.} 0-1

[Event "Mechanics' Spring TNM; G/2"]
[Site "San Francisco"]
[Date "2015.03.17"]
[Round "1.36"]
[White "Henriques, Keith"]
[Black "Purland, Matthew"]
[Result "0-1"]
[WhiteElo "144"]
[BlackElo "1507"]
[PlyCount "52"]
[EventDate "2015.??.??"]

1. d4 Nf6 2. Nf3 g6 3. c3 Bg7 4. e3 d5 5. Bd3 O-O 6. O-O Nc6 7. Bd2 a6 8. b3
Re8 9. h3 e5 10. dxe5 Nxe5 11. Nxe5 Rxe5 12. Re1 Ne4 13. Bxe4 dxe4 14. f4 exf3
15. Qxf3 Rd5 16. Rd1 Rb8 17. e4 Rd3 18. Qe2 Qd6 19. Re1 b5 20. a3 Bb7 21. b4
Re8 22. Rd1 Rxe4 23. Qf1 Rxh3 24. gxh3 Qg3+ 25. Qg2 Re1+ 26. Bxe1 Qxg2# 0-1

[Event "Mechanics' Fall TNM; G/2"]
[Site "San Francisco"]
[Date "2015.10.27"]
[Round "2.25"]
[White "Henriques, Keith A"]
[Black "Enkh, Tergelsar"]
[Result "0-1"]
[WhiteElo "140"]
[BlackElo "668"]
[PlyCount "44"]
[EventDate "2015.??.??"]

1. d4 d5 2. c4 Nf6 3. e3 Bf5 4. Nc3 e6 5. Nf3 Nc6 6. a3 a6 7. cxd5 exd5 8. Qe2
Bd6 9. Nh4 Be6 10. Nf3 O-O 11. Ng5 Bf5 12. Nf3 Re8 13. Qd1 b5 14. Nh4 Be4 15.
Nxe4 Nxe4 16. Qf3 Qxh4 17. g3 Qf6 18. Qxf6 Nxf6 19. Be2 b4 20. O-O bxa3 21.
bxa3 Ne4 22. Rb1 Nc3 {White lost on time.} 0-1

[Event "Mechanics' Summer TNM; G/2"]
[Site "San Francisco"]
[Date "2015.07.14"]
[Round "8.39"]
[White "Henriques, Keith A"]
[Black "Erdenebileg, Erkhe"]
[Result "0-1"]
[WhiteElo "144"]
[BlackElo "844"]
[PlyCount "32"]
[EventDate "2015.??.??"]

1. d4 d5 2. c4 e6 3. e3 Nf6 4. Nf3 Be7 5. Bd3 O-O 6. O-O Nc6 7. Nc3 b6 8. h3
Bb7 9. e4 Nb4 10. a3 Nxd3 11. Qxd3 dxe4 12. Nxe4 Bxe4 13. Qe2 Bxf3 14. Qxf3
Qxd4 15. Qc6 Qd6 16. Qxd6 Bxd6 {Black won in a few more moves.} 0-1

[Event "Mechanics' Fall TNM; G/2"]
[Site "San Francisco"]
[Date "2015.12.15"]
[Round "9.36"]
[White "Henriques, Keith A"]
[Black "Otterbach, Renate"]
[Result "0-1"]
[WhiteElo "140"]
[BlackElo "1101"]
[PlyCount "40"]
[EventDate "2015.??.??"]

1. d4 e6 2. c4 f5 3. e3 Nf6 4. Nf3 Be7 5. Bd2 b6 6. Nc3 Bb7 7. a3 c5 8. dxc5
bxc5 9. Bd3 O-O 10. O-O Nc6 11. Re1 Bd6 12. g3 Ne5 13. Nxe5 Bxe5 14. Rb1 Bc6
15. f3 Bd6 16. g4 fxg4 17. fxg4 Qc7 18. e4 Bxh2+ 19. Kf1 Nxg4+ 20. Ke2 Rf2# 0-1

[Event "Mechanics' Winter TNM; 30/90, SD/30"]
[Site "San Francisco"]
[Date "2015.01.13"]
[Round "2.26"]
[White "Hilliard, Michael"]
[Black "Abraham, Renjish"]
[Result "1/2-1/2"]
[WhiteElo "1400"]
[BlackElo "1837"]
[Annotator "Donaldson"]
[PlyCount "60"]
[EventDate "2015.??.??"]

1. d4 Nf6 2. Nf3 d5 3. e3 e6 4. Bd3 c5 5. c3 Bd6 6. Nbd2 O-O 7. O-O Re8 8. Re1
Nc6 9. e4 dxe4 10. Nxe4 Nxe4 11. Rxe4 cxd4 12. Nxd4 Nxd4 $4 (12... Bd7) 13.
Rxd4 $1 Qe7 {Diagram #} 14. Bxh7+ $2 (14. Rxd6 {
wins a piece, effectively ending the game.}) 14... Kxh7 15. Qh5+ $2 (15. Rxd6 {
, although not nearly as good as a move before, still leaves White a clear
pawn up.}) 15... Kg8 16. Rh4 f6 17. Qh7+ Kf7 18. Bh6 ({
White should make a draw by repeating with} 18. Qh5+ Kg8 19. Qh7+) 18... Rg8
19. Rg4 Kf8 20. Bxg7+ Qxg7 (20... Rxg7 $4 21. Qh8+) 21. Rxg7 Rxg7 22. Qh8+ Kf7
23. Qh5+ Ke7 24. Qh8 Rf7 25. Rd1 b6 (25... Rb8 {
intending ...e5 and ...Be6 was a better way to untangle.}) 26. Qg8 $2 (26. Qh5
{has the same threat to take on d6 and f7 but doesn't permit Black's next move.
}) 26... Bb7 27. Qg6 Rd8 28. Re1 Rh8 29. g3 Rfh7 (29... Rhh7 30. Qf5 e5) (29...
Rh3 $2 30. Qf5) 30. Qf5 e5 (30... Be5 31. Qg6 Bd5 $1 {
and Black should win, but there is still much work to do.} (31... Rxh2 $2 32.
Qg7+)) 1/2-1/2

[Event "Mechanics' Fall TNM; G/2"]
[Site "San Francisco"]
[Date "2015.12.15"]
[Round "9.28"]
[White "Hilliard, Michael"]
[Black "Chalissery, Jossy"]
[Result "0-1"]
[WhiteElo "1404"]
[BlackElo "1586"]
[Annotator "Donaldson"]
[PlyCount "68"]
[EventDate "2015.??.??"]

1. d4 b6 2. Nf3 Bb7 3. e3 e6 4. Bd3 Nf6 5. Nbd2 Be7 6. O-O O-O 7. Re1 d5 8. e4
dxe4 9. Nxe4 Nbd7 10. c3 Nxe4 11. Bxe4 Bxe4 12. Rxe4 Nf6 13. Rh4 $5 (13. Re1)
13... c5 14. Be3 Nd5 15. Re4 Nf6 16. Rh4 Bd6 17. Qc2 g6 $2 (17... Qe7) 18. Rd1
Qc7 19. Bg5 Nh5 (19... Be7) 20. g4 Ng7 21. Bf6 Be7 22. Bxe7 Qxe7 23. Qd2 h5 $4
(23... f6 24. Qh6 Ne8) 24. Qh6 $18 f6 25. Qxg6 Qf7 26. gxh5 Qxg6+ 27. hxg6 Rad8
28. Rg4 (28. Rh7) 28... Rd7 29. Re1 Rd6 30. dxc5 bxc5 31. c4 Ra6 32. Ra1 (32.
a3) 32... Rb8 33. b3 Rxb3 34. Re4 $4 (34. Rd1) 34... Rxf3 0-1

[Event "Mechanics' Summer TNM; G/2"]
[Site "San Francisco"]
[Date "2015.07.14"]
[Round "8.34"]
[White "Hilliard, Michael"]
[Black "Enkh, Tergelsar"]
[Result "1-0"]
[WhiteElo "1459"]
[BlackElo "513"]
[PlyCount "33"]
[EventDate "2015.??.??"]

1. d4 d5 2. Nf3 Nc6 3. e3 Nf6 4. c3 Bg4 5. Nbd2 e5 6. dxe5 Nxe5 7. Be2 Bc5 $4
8. Nxe5 Bxe2 9. Qxe2 Qd6 10. Ndf3 O-O-O 11. Nxf7 Qf8 12. Nxh8 Qxh8 13. Bd2 Re8
14. O-O-O Qf8 15. Nd4 Re4 16. f3 Rxd4 17. exd4 {and White soon won.} 1-0

[Event "Mechanics' Spring TNM; G/2"]
[Site "San Francisco"]
[Date "2015.04.28"]
[Round "7.40"]
[White "Hilliard, Michael"]
[Black "Frank, Robert"]
[Result "1/2-1/2"]
[WhiteElo "1491"]
[BlackElo "1296"]
[PlyCount "81"]
[EventDate "2015.??.??"]

1. d4 Nf6 2. Nf3 g6 3. b3 Bg7 4. Bb2 O-O 5. e3 d5 6. Bd3 Bg4 7. Nbd2 Re8 8. O-O
Nbd7 9. c4 e5 10. dxe5 Nxe5 11. Bxe5 Rxe5 12. Qc2 Re7 13. Rac1 c6 14. c5 a5 15.
a3 Qe8 16. Nd4 Bd7 17. b4 axb4 18. axb4 Ne4 19. Nxe4 dxe4 20. Bc4 Bxd4 21. exd4
Be6 22. Rfe1 Bxc4 23. Qxc4 Rd8 24. Re3 Rd5 25. Rce1 f5 26. f3 Kg7 27. Kf2 Kf6
28. Kg3 Qb8+ 29. Kh3 Qf4 30. g3 Qh6+ 31. Kg2 exf3+ 32. Kxf3 Qh5+ 33. Kg2 Rxe3
34. Rxe3 f4 35. Re4 f3+ 36. Kh1 g5 37. Qf1 g4 38. Qe1 Qh3 39. Re6+ Kg5 40. Re5+
Kf6 41. Re6+ 1/2-1/2

[Event "Mechanics' Spring TNM; G/2"]
[Site "San Francisco"]
[Date "2015.03.31"]
[Round "3.38"]
[White "Hilliard, Michael"]
[Black "Henriques, Keith"]
[Result "1-0"]
[WhiteElo "1491"]
[BlackElo "144"]
[PlyCount "43"]
[EventDate "2015.??.??"]

1. d4 d5 2. Nf3 Nf6 3. e3 c6 4. Nbd2 e6 5. Bd3 Bd6 6. O-O O-O 7. Re1 a6 8. e4
Re8 $2 9. e5 Bxe5 10. dxe5 Nfd7 11. Nd4 c5 12. Bxh7+ Kxh7 13. Qh5+ Kg8 14. N4f3
Kf8 15. Ng5 g6 16. Qh6+ Ke7 17. Qg7 Nxe5 18. Rxe5 Rg8 19. Qxf7+ Kd6 20. Rxe6+
Bxe6 21. Nxe6 Qe7 22. Qxg8 1-0

[Event "Mechanics' Leighton Allen TNM; G/2"]
[Site "San Francisco"]
[Date "2015.08.10"]
[Round "2.30"]
[White "Hilliard, Michael"]
[Black "Kuczek, Kevin W"]
[Result "0-1"]
[WhiteElo "1418"]
[BlackElo "1611"]
[PlyCount "74"]
[EventDate "2015.??.??"]

1. d4 Nf6 2. Nf3 d5 3. e3 Bg4 4. c4 c6 5. Nbd2 e6 6. Qb3 Qc7 7. Ne5 Bf5 8. cxd5
cxd5 9. Bb5+ Nbd7 10. Qa4 a6 11. Nxd7 Nxd7 12. Bxd7+ Qxd7 13. Qxd7+ Kxd7 14.
O-O Bd6 15. Nf3 f6 16. Bd2 Rac8 17. Bc3 Rc6 18. Nd2 Rhc8 19. f3 b5 20. a3 Bg6
21. e4 Bf4 22. exd5 exd5 23. Nb3 Bd6 24. Rfe1 Re8 25. Rxe8 Kxe8 26. Re1+ Kd7
27. g3 Bc2 28. Nd2 {Diagram #} Bxa3 $1 29. Nf1 Bd6 30. Ne3 Bb3 31. Nf5 g6 32.
Nxd6 Rxd6 33. Bb4 Re6 34. Kf2 h6 35. Re3 Bc4 36. Rc3 Re2+ 37. Kg1 Rxb2 0-1

[Event "Mechanics' Summer TNM; G/2"]
[Site "San Francisco"]
[Date "2015.06.09"]
[Round "3.37"]
[White "Hilliard, Michael"]
[Black "Lagrotta, Daniel S"]
[Result "0-1"]
[WhiteElo "1459"]
[BlackElo "1592"]
[PlyCount "90"]
[EventDate "2015.??.??"]

1. d4 Nf6 2. Nf3 d5 3. e3 Bf5 4. c4 e6 5. Qb3 Qc8 6. cxd5 Nxd5 7. Nbd2 Nf6 8.
g3 Be7 9. Bg2 c6 10. O-O O-O 11. Nc4 Nbd7 12. Bd2 Qc7 13. Nfe5 Be4 14. f3 Bd5
15. e4 Bxc4 16. Nxc4 Nh5 17. Rac1 Rab8 18. Ne3 Qb6 19. Qc3 Rbc8 20. b4 Nhf6 21.
Nc4 Qd8 22. Bf4 Nb6 23. a3 Nxc4 24. Qxc4 a5 25. Rfd1 axb4 26. axb4 Qb6 27. Bd2
Rfd8 28. Bc3 Ne8 29. Kh1 Nd6 30. Qc5 Qc7 31. Qa5 Nb5 32. Bf1 Nxc3 33. Rxc3 Qd6
34. Qc5 Qc7 35. Qc4 Qb6 36. Rb3 Ra8 37. b5 c5 38. dxc5 Bxc5 39. Rbd3 Rdc8 40.
Rb3 g6 41. e5 Be7 42. Qe4 Ra2 43. f4 Rcc2 44. Qxc2 Rxc2 45. Rd7 Qf2 0-1

[Event "Mechanics' Summer TNM; G/2"]
[Site "San Francisco"]
[Date "2015.07.07"]
[Round "7.30"]
[White "Hilliard, Michael"]
[Black "Lin, Aung Tun"]
[Result "0-1"]
[WhiteElo "1459"]
[BlackElo "1743"]
[PlyCount "76"]
[EventDate "2015.??.??"]

1. d4 f5 2. Nc3 Nf6 3. Bf4 b6 4. e3 Bb7 5. Bd3 e6 6. Nf3 Bb4 7. Qd2 O-O 8.
O-O-O d6 9. h4 Ne4 10. Qe1 Nxc3 11. bxc3 Ba3+ 12. Kd2 c5 13. Rb1 e5 14. Rb3
exf4 15. Rxa3 Qc8 16. Bc4+ Kh8 17. d5 h6 18. h5 Re8 19. Nh4 fxe3+ 20. fxe3 Kg8
21. Ng6 Nd7 22. Rf1 Ne5 23. Bb5 Bxd5 24. Bxe8 Nc4+ 25. Kc1 Qxe8 26. Nf4 Be4 27.
Rb3 Qa4 28. Qe2 b5 29. Rb2 Qa3 30. Nd3 Nxb2 31. Nxb2 Qxc3 32. Rf2 c4 33. Qd2
Qe5 34. c3 Qg3 35. a3 a5 36. Qe2 Rc8 37. Kd2 Rc5 38. Ke1 Bxg2 0-1

[Event "Mechanics' Fall TNM; G/2"]
[Site "San Francisco"]
[Date "2015.10.20"]
[Round "1.21"]
[White "Hilliard, Michael"]
[Black "Maser, Thomas F"]
[Result "0-1"]
[WhiteElo "1404"]
[BlackElo "1923"]
[PlyCount "62"]
[EventDate "2015.??.??"]

1. d4 Nf6 2. Nf3 e6 3. e3 b6 4. Nbd2 d5 5. Bd3 c5 6. c3 Be7 7. O-O O-O 8. Re1
Bb7 9. e4 cxd4 10. Nxd4 g6 11. e5 Nh5 12. Re3 Nc6 13. N2f3 Qd7 14. Nxc6 Bxc6
15. Nd4 Qc7 16. Nxc6 Qxc6 17. Rh3 f5 18. exf6 Nxf6 19. Qd2 Ng4 20. f3 Bc5+ 21.
Kf1 e5 22. Bxg6 Ne3+ 23. Ke1 hxg6 24. b4 Bxb4 25. Bb2 Bc5 26. Rg3 Qb5 27. Qf2
Qd3 28. Rc1 Ng4 29. Qc2 Bf2+ 30. Qxf2 Nxf2 31. Kxf2 Qd2+ 0-1

[Event "Mechanics' Winter TNM; 30/90, SD/30"]
[Site "San Francisco"]
[Date "2015.02.10"]
[Round "6.21"]
[White "Hilliard, Michael"]
[Black "McKellar, Daniel"]
[Result "0-1"]
[WhiteElo "1929"]
[BlackElo "1653"]
[PlyCount "58"]
[EventDate "2015.??.??"]

1. d4 d5 2. Nf3 Nf6 3. e3 Bg4 4. c4 e6 5. Qb3 b6 6. Ne5 Bf5 7. cxd5 exd5 8.
Qa4+ Nfd7 9. Nc6 Nxc6 10. Qxc6 Bb4+ 11. Nc3 Be6 12. Bd3 O-O 13. O-O Bxc3 14.
bxc3 Nf6 15. Qa4 Re8 16. Re1 Qe7 17. Ba3 c5 18. Qc2 Qc7 19. g3 c4 20. Bf1 Qd7
21. Bg2 Bh3 22. Bh1 Bf5 23. Qd2 Ne4 24. Qb2 Qe6 25. Re2 Ng5 26. Rae1 Nh3+ 27.
Kg2 Be4+ 28. f3 Bxf3+ 29. Kxf3 Qe4# 0-1

[Event "Mechanics' Leighton Allen TNM; G/2"]
[Site "San Francisco"]
[Date "2015.09.08"]
[Round "6.36"]
[White "Hilliard, Michael"]
[Black "Nyangar, Ehkhmaa"]
[Result "0-1"]
[WhiteElo "1418"]
[BlackElo "1666"]
[Annotator "Donaldson"]
[PlyCount "66"]
[EventDate "2015.??.??"]

1. d4 Nf6 2. Nf3 g6 3. b3 Bg7 4. Bb2 O-O 5. e3 d5 6. Bd3 b6 7. Nbd2 c5 8. c3
Nbd7 9. O-O Bb7 10. Re1 Qc7 11. Rc1 e5 12. e4 exd4 13. cxd4 Rfe8 14. Qc2 Qf4
15. e5 Ng4 16. Bb5 Re7 17. Bxd7 Rxd7 18. Re2 cxd4 19. Bxd4 Rc8 $4 {Diagram #} (
19... Nxh2 $1) 20. Qb2 $2 (20. Qxc8+ Bxc8 21. Rxc8+ Bf8 22. h3 Nh6 23. Be3 $18)
20... Rxc1+ 21. Qxc1 Nxh2 22. Qb2 Nxf3+ 23. Nxf3 Rc7 24. Be3 Qg4 25. Rd2 Rc8
26. Nh2 Qf5 27. f4 Qe4 28. Re2 Qd3 29. Nf1 Ba6 30. Re1 Rc2 31. Qa1 Bb7 32. Rd1
Qe4 33. Rd4 Qxg2# 0-1

[Event "Mechanics' Leighton Allen TNM; G/2"]
[Site "San Francisco"]
[Date "2015.08.25"]
[Round "4.34"]
[White "Hilliard, Michael"]
[Black "Otterbach, Renate"]
[Result "1-0"]
[WhiteElo "1418"]
[BlackElo "1063"]
[Annotator "Donaldson"]
[PlyCount "95"]
[EventDate "2015.??.??"]

1. d4 d5 2. Nf3 e6 3. e3 Nf6 4. Nbd2 b6 5. Bd3 Ba6 6. c4 dxc4 7. Nxc4 Qd5 8. b3
Be7 9. O-O O-O 10. Qc2 Bb7 11. Re1 Qh5 12. Ncd2 Nbd7 13. Qxc7 Bxf3 14. Nxf3
Rfc8 15. Qg3 Nf8 16. Bb2 Nd5 17. e4 Nb4 18. d5 Qg6 19. Ne5 Qxg3 20. hxg3 f6 21.
Nc6 {Diagram #} Nxc6 (21... Rxc6 $1 22. dxc6 Nxd3 23. Re2 Rc8 $19) 22. dxc6
Rxc6 23. e5 Rd8 24. Bc4 f5 25. Rad1 Rxd1 26. Rxd1 Kf7 27. Kf1 Rc5 28. Bd4 Ra5
$4 29. a4 Ng6 30. Bb5 Bb4 31. f4 Ne7 32. Rc1 Nd5 33. Rc8 a6 34. Bc6 Kg6 35.
Be8+ Kh6 36. Rc6 Ne7 37. Rxe6+ Ng6 38. Rxb6 Bc5 39. Bxc5 Rxc5 40. Rxa6 Rc1+ 41.
Kf2 Rc2+ 42. Kg1 Kh5 43. Rc6 Rb2 44. Bf7 Re2 45. a5 Re3 46. Kf2 Rxb3 47. Bxb3
Ne7 48. Bd1# 1-0

[Event "Mechanics' Spring TNM; G/2"]
[Site "San Francisco"]
[Date "2015.04.14"]
[Round "5.34"]
[White "Hilliard, Michael"]
[Black "Reyes, Robert"]
[Result "0-1"]
[WhiteElo "1491"]
[BlackElo "1681"]
[Annotator "Winslow,Elliott"]
[PlyCount "64"]
[EventDate "2015.??.??"]

1. d4 Nf6 2. Nf3 e6 3. e3 Bb4+ 4. c3 Be7 5. Bd3 b6 6. Nbd2 Bb7 7. O-O d6 8. e4
Nbd7 9. Re1 e5 10. Qe2 O-O 11. b3 c6 12. Bb2 Qc7 13. c4 a6 14. Rac1 Rac8 15. d5
Nc5 16. b4 Nxd3 17. Qxd3 Qd7 18. Nh4 cxd5 19. cxd5 Nh5 20. Nf5 Bg5 21. Rxc8
Rxc8 22. Nc4 Nf4 23. Qb3 Rd8 24. Nfxd6 $2 (24. Ncxd6 $1 g6 25. Nxb7 Qxb7 26.
Bxe5 $1 {Black loses his whole center.}) 24... Qg4 $2 (24... b5 $1 {
notes the computer, as} 25. Na5 ({Of course now} 25. Nxb7 bxc4) 25... Qg4 26.
g3 Rxd6 27. Nxb7 Nh3+ {and both do best to take the perpetual after} 28. Kg2
Nf4+ 29. Kg1) 25. Qg3 $2 (25. g3 {
there's no dangerous rook lurking on d6, so White can survive & thrive} Ne2+ (
25... b5 $2 26. Nxe5) 26. Kg2 Bc8 27. Nxc8 Qxe4+ 28. f3 Nf4+ 29. Kf1 Qd3+ 30.
Qxd3 Nxd3 31. N8xb6) 25... Ne2+ 26. Rxe2 Qxe2 $19 27. f4 Bxf4 28. Qf3 Qe1+ 29.
Qf1 Bxh2+ 30. Kxh2 Qxf1 31. Nxb7 Qxc4 32. Nxd8 Qxe4 0-1